01015cam a22002413a 450000500170000001000170001702000260003403500170006003700090007708200060008610000190009224500900011126000360020127000750023730000330031249000290034570000180037470000220039294200200041499900190043495201600045395201600061320180808161354.0 aB-701245-246 a9789386106780c125.00 aB-701245-246 bDBAD aS aAuntie, Kimmie aWailing won't work! /cby Kimmie Auntie illustrated by Ayeshe Sadr & Ishaan Dasgupta  aGurgaon bScholastic Inc.c2016 aA-27, Ground Floor, Sigma Centre, Infocity, Sector-34bGurgaone122001 a24.p. c24cm. (pbk)billus.  aThe best me! "behaviour" aSadr, Ayeshe  aDasgupta, Ishaan  2ddccCHhSmAUN c155674d155674 001040708FICaAVbAVd2018-08-08eDBAD/Children/Gift/02.08.2018 g125.00l4oS AUNpB-701245r2025-06-14 00:00:00s2025-06-03t2v125.00w2018-08-08yCH 001040708FICaAVbAVd2018-08-08eDBAD/Children/Gift/02.08.2018 g125.00l2oS AUNpB-701246r2019-10-01 00:00:00s2019-09-14t2v125.00w2018-08-08yCH